Statistics for Benedict Cumberbatch Movies

Click here to take the quiz!

General Stats

  • This quiz has been taken 9 times
  • The average score is 4 of 11

Answer Stats

Release YearCostarsMovie% Correct
2016Rachel McAdams, Benedict WongDoctor Strange
100%
2013Chiwetel Ejiofor, Lupita Nyong'o12 Years a Slave
56%
2014Keira Knightley, Mark StrongThe Imitation Game
56%
2021Kirsten Dunst, Jesse PlemonsThe Power of the Dog
44%
2019George Makay, Colin Firth1917
33%
2012Martin Freeman, Ian McKellenThe Hobbit: An Unexpected Journey
33%
2015Johnny Depp, Dakota JohnsonBlack Mass
22%
2014Tom McGrath, John MalkovichPenguins of Madagascar
22%
2011Gary Oldman, Colin FirthTinker Taylor Soldier Spy
11%
2011Emily Watson, David ThewlisWar Horse
11%
2018Christian Bale, Cate BlanchettMowgli: Legend of the Jungle
0%

Score Distribution

Percentile by Number Answered

Percent of People with Each Score

Your Score History

You have not taken this quiz